Geboren in Esslingen am Neckar - Statistiken

Allgemein
  • Dieses Quiz wurde 15 mal gespielt
    8 seit der letzten Aktualisierung
  • Das Durchschnittsergebnis liegt bei 2 aus 7
Antwortstatistiken
Hinweis Antwort % Korrekt
früherer Fußballnationalspieler (VfB Stuttgart, Spartak Moskau und Bayern München) 1987 Serdar Tasci
88%
deutsch-tunesischer YouTuber und Moderator, auch bekannt als Herr Tutorial 1990 Sami Slimani
63%
Fußballtrainer (Dresden, Nürnberg und Hertha) und ehemaliger Fußballer (Dresden und Aachen) 1980 Cristian Fiél
38%
Trainer von Red Bull Salzburg (früher Bochum und Austria Wien) 1968 Thomas Letsch
25%
deutsch-österreichischer Big Wave Surfer, gilt als einer der besten Surfer der Welt 1985 Sebastian Steudtner
13%
Schriftsteller, "Einsamkeit und Sex und Mitleid" 1964 Helmut Krausser
0%
Pionier der deutschen Turnbewegung und erster Vorsitzender der Deutschen Turnerschaft 1826 Theodor Georgii
0%
Keine übereinstimmenden Quizze gefunden
Verteilung der Resultate
Anzahl Personen mit jedem Resultat
Perzentil nach korrekt beantworteten Fragen
Ihre Resultats-Entwicklung
Sie haben dieses Quiz seit der letzten Aktualisierung nicht gespielt